Statistics for Oscar for Best Film Editing

Click here to take the quiz!

General Stats

  • This quiz has been taken 114 times
    (6 since last reset)
  • The average score is 35 of 90

Answer Stats

YearBest Film Editing% Correct
2022Everything Everywhere All at Once
100%
2023Oppenheimer
100%
2012Argo
80%
2006The Departed
80%
2018Bohemian Rhapsody
60%
1972Cabaret
60%
2002Chicago
60%
2005Crash
60%
2021Dune
60%
2017Dunkirk
60%
2019Ford v Ferrari
60%
1994Forrest Gump
60%
2013Gravity
60%
2015Mad Max: Fury Road
60%
1986Platoon
60%
1980Raging Bull
60%
1998Saving Private Ryan
60%
2008Slumdog Millionaire
60%
2020Sound of Metal
60%
1977Star Wars
60%
1978The Deer Hunter
60%
2009The Hurt Locker
60%
2003The Lord of the Rings: The Return of the King
60%
2010The Social Network
60%
1997Titanic
60%
2014Whiplash
60%
1979All That Jazz
40%
1959Ben-Hur
40%
1990Dances with Wolves
40%
1982Gandhi
40%
1958Gigi
40%
1939Gone with the Wind
40%
2016Hacksaw Ridge
40%
1975Jaws
40%
1991JFK
40%
1962Lawrence of Arabia
40%
1954On the Waterfront
40%
1970Patton
40%
1981Raiders of the Lost Ark
40%
1976Rocky
40%
1993Schindler's List
40%
2004The Aviator
40%
2007The Bourne Ultimatum
40%
1996The English Patient
40%
1971The French Connection
40%
2011The Girl with the Dragon Tattoo
40%
1987The Last Emperor
40%
1999The Matrix
40%
1965The Sound of Music
40%
1992Unforgiven
40%
1961West Side Story
40%
1969Z
40%
1943Air Force
20%
1935A Midsummer Night's Dream
20%
1936Anthony Adverse
20%
1951A Place in the Sun
20%
1995Apollo 13
20%
1956Around the World in 80 Days
20%
2001Black Hawk Down
20%
1947Body and Soul
20%
1989Born on the Fourth of July
20%
1957Bridge on the River Kwai
20%
1968Bullitt
20%
1949Champion
20%
1934Eskimo
20%
1953From Here to Eternity
20%
1966Grand Prix
20%
1952High Noon
20%
1963How the West Was Won
20%
1967In the Heat of the Night
20%
1950King Solomon's Mines
20%
1937Lost Horizon
20%
1964Mary Poppins
20%
1945National Velvet
20%
1940North West Mounted Police
20%
1955Picnic
20%
1941Sergeant York
20%
1938The Adventures of Robin Hood
20%
1960The Apartment
20%
1946The Best Years of our Lives
20%
1984The Killing Fields
20%
1948The Naked City
20%
1942The Pride of the Yankees
20%
1983The Right Stuff
20%
1973The Sting
20%
1974The Towering Inferno
20%
2000Traffic
20%
1988Who Framed Roger Rabbit
20%
1944Wilson
20%
1985Witness
20%

Score Distribution

Percentile by Number Answered

Percent of People with Each Score

Your Score History

You have not taken this quiz since the last reset